Homenaje al arzobispo-obispo de Barcelona
Descripción Física:
Il·lustracions
Colección:
San Jorge,
; núm. 9 (gener 1953), pàg 75
Materias:
Modrego Casaus, Gregorio, -- 1890-1972
Idioma:
Español
MARC
| LEADER | 00000naa a2200000 a 4500 | ||
|---|---|---|---|
| 003 | Arxiu | ||
| 005 | 20260324181024.0 | ||
| 008 | 160829s1953 spcaxx s0 spa c | ||
| 040 | |a agdb | ||
| 245 | 0 | 0 | |a Homenaje al arzobispo-obispo de Barcelona |
| 300 | |b Il·lustracions | ||
| 490 | |a San Jorge, |v núm. 9 (gener 1953), pàg 75 | ||
| 600 | 1 | 0 | |a Modrego Casaus, Gregorio, |d 1890-1972 |9 54747 |
| 773 | |g Núm. 9 (gener 1953), pàg 75 |t San Jorge. | ||
| 901 | |a Arxiu | ||
| 942 | |n 1 |2 udc |c ART | ||
| 952 | |0 0 |1 0 |4 0 |6 REV508 |7 1 |9 64332 |a Arxiu |b Arxiu |d 2022-11-23 |o Rev-508 |r 2022-11-23 00:00:00 |w 2022-11-23 |y ARXIU |z També disponible a Rev-522 | ||
| 999 | |c 43834 |d 43834 | ||